000 00871nam a22002177a 4500
010 _aA-701732
020 _c110.00
035 _aA-701732
037 _bCen Lib / Ret
040 _aDPL
_bEN
082 _a080
_bIND
110 _b India. Ministry of Information and Broadcasting. Publications Division.
245 _aChandra Shekhar selected speeches 1990-91 /
_cIndia. Ministry of Information and Broadcasting. Publications Division.
260 _aNew Delhi
_bPublications Division, Ministry of Information and Broadcasting, Govt. of India,
_c1993
270 _aPublications Division, Ministry of Information and Broadcasting, Govt. of India,
_bNew Delhi
300 _a147p ;
_b27cm(Hb)
650 _aPresidents -- India.
650 _aSpeeches, addresses, etc.
650 _aIndia -- Politics and government
942 _2ddc
_cEN
_h080
_mIND
999 _c136888
_d136888